Disperzie 2D materiálov (MoS2, Grafén oxid, MXen) pre tlač tenkých vrstiev využiteľných v elektrochemických senzoroch

Salvato in:
Dettagli Bibliografici
Autore principale: Pavličková, Michaela (Autore)
Altri autori: Gemeiner, Pavol (Relatore della tesi)
Natura: Manoscritto Libro
Lingua:slovacco
Pubblicazione: 2023
Soggetti:
Accesso online:http://is.stuba.sk/zp/portal_zp.pl?podrobnosti=159220
Tags: Aggiungi Tag
Nessun Tag, puoi essere il primo ad aggiungerne!!

MARC

LEADER 00000ntm a22000003a 4500
001 stuzp76303
003 SK-STU
005 20230909210520.2
007 ta
008 150427s2015----xo-----f-mn---000-0-slo-d
040 |a STU  |b slo 
041 0 |a slo 
100 1 |a Pavličková, Michaela  |u 049160  |4 aut  |U FCHPT Ústav prírodných a syntetických polymérov  |T FCHPT Oddelenie polygrafie a aplikovanej fotochémie  |X 76464  |U C9160  |Y 127  |7 76464 
242 0 1 |a Dispersions of 2D materials (MoS2, Graphene oxide, MXene) for printing thin layers usable in electrochemical sensors  |y eng 
245 1 0 |a Disperzie 2D materiálov (MoS2, Grafén oxid, MXen) pre tlač tenkých vrstiev využiteľných v elektrochemických senzoroch 
260 |c 2023 
650 4 |a 2D materiály  |2 slo 
650 4 |a polymérne spojivo  |2 slo 
650 4 |a tlačové techniky  |2 slo 
650 4 |a elektrochemické senzory  |2 slo 
650 4 |a electrochemical sensors  |2 eng 
650 4 |a 2D materials  |2 eng 
650 4 |a polymeric binder  |2 eng 
650 4 |a printing techniques  |2 eng 
700 1 |a Gemeiner, Pavol  |u 049160  |k Z1  |4 ths  |U FCHPT Ústav prírodných a syntetických polymérov  |T FCHPT Oddelenie polygrafie a aplikovanej fotochémie  |X 16629  |U C9160  |Y 127  |7 A000016629 
856 4 |u http://is.stuba.sk/zp/portal_zp.pl?podrobnosti=159220